• 首页
  • 本馆介绍
  • 公告通知
  • 最新文献
  • 馆藏检索
  • 电子资源
  • 读者导购
  • 参考咨询
  • 我的图书馆
  • 登录
  • 详细信息显示
  • 放入我的书架
  • 预约/预借图书
  • 作者相关作品
  • 分类相关作品
  • 丛书相关作品
  • 出版社相关作品

书目信息

  • 表格格式
  • 工作单格式
  • 卡片格式
题名:
中国小学数学教学史
    
 
作者: 王权 主编
分册:  
出版信息: 济南   山东教育出版社  1996.03
页数: 482页
开本: 32开
丛书名: 中国小学各科教学史丛书
单 册:
中图分类: G623.503
科图分类:
主题词: 各级 , 教育
电子资源:
ISBN: 7-5328-2120-X
000 00669nam0 2200229 45
001 0210281531
005 20031219104059.3
010    @a7-5328-2120-X@b精装@dCNY23.80
100    @a20021028d1996 km y0chiy0120 ea
101 0  @achi
105    @a z 000yy
200 1  @a中国小学数学教学史@AZhong Guo Xiao Xue Shu Xue Jiao Xue Shi@f王权主编@FWang Quan Zhu Bian
210    @a济南@c山东教育出版社@d1996.03
215    @a482页@d32开
225    @a中国小学各科教学史丛书
410    @12001 @a中国小学各科教学史丛书
606 0  @x各级
606 0  @a教育
690    @aG623.503@v4
701    @a王权@4主编
801    @aCN@bTSTC@c20021028
905    @b316584-586@dG623.503@e120@f3
    
    中国小学数学教学史/王权主编.-济南:山东教育出版社,1996.03
    482页;32开.-(中国小学各科教学史丛书)
    
    
    ISBN 7-5328-2120-X(精装):CNY23.80
    
●
相关链接 在E读中查询图书 在五车中查询图书 在当当中查询图书 在豆瓣中查询图书


正题名:中国小学数学教学史     索取号:G623.503/120         预约/预借

序号 登录号 条形码 馆藏地/架位号 状态 备注
1 0316584   203165840   第四借阅区/ [索取号:G623.503/120] 在馆    
2 0316585   203165859   第四借阅区/ [索取号:G623.503/120] 在馆    
3 0316586   203165868   第一样本阅览室/ [索取号:G623.503/120] 在馆    
唐山师范学院图书馆 欢迎您!
大连网信软件有限公司© 版权所有